La celestina /

Guardado en:
Autor Principal: Menéndez Pelayo, Marcelino
Formato: Libro
Publicado: Buenos Aires : Espasa-calpe Argentina, 1947
Edición:2a. ed.
Materias:
Etiquetas: Agregar Etiqueta
Sin Etiquetas, Sea el primero en etiquetar este registro!
LEADER 00627nam a22001935a 4500
001 EHU.bham044401
003 AR-BHAM
005 20161114121004.0
008 130507s1947##################000#0#####d
082 8 6 |a 862.207 
100 1 |a Menéndez Pelayo, Marcelino 
245 1 0 |a La celestina /  |c  Marcelino Menéndez Pelayo 
250 |a 2a. ed. 
260 |a Buenos Aires :  |b Espasa-calpe Argentina,  |c 1947 
300 |a 230 p. 
600 1 4 |a Rojas, Fernando de 
653 |a Literatura española medieval-estudios sobre 
653 |a Novela española medieval-estudios sobre 
859 |a AR-BHAM  |b BIB. HUMANIDADES - General  |h 862.207  |i M524  |p 656.16  |t Ej.1